| 000 | 00607nam a2200217 a 4500 | ||
|---|---|---|---|
| 001 | 000029987 | ||
| 003 | DO-SdBNP | ||
| 005 | 20240712103650.0 | ||
| 007 | ta | ||
| 008 | 110428s1986 dr 000 0 spa d | ||
| 040 |
_aDO-SdBNP _bspa _cBNPHU |
||
| 049 | _aBNPD | ||
| 082 |
_bE77c _222 |
||
| 100 | 1 |
_aEsquea Guerrero, Enmanuel _956715 |
|
| 245 | 1 | 0 |
_aConcepto de nacionalidad en la constitución dominicana / _cEnmanuel Esquea Guerrero. |
| 260 |
_aSanto Domingo : _bJunta Central Electoral, _c1986. |
||
| 300 |
_a15 p. ; _c22 cm. |
||
| 590 | _aInventariado, 2024/DG | ||
| 910 | _aDG | ||
| 942 |
_2ddc _cLF2 |
||
| 999 |
_c29479 _d29479 |
||